[Event "44th BAN-ch OMICON 2018"]
[Site "Dhaka"]
[Date "2018.11.25"]
[Round "1"]
[White "Rahman, Ziaur"]
[Black "Subrota, Biswas"]
[Result "1-0"]
[WhiteElo "2468"]
[BlackElo "2126"]
[Annotator "TA"]
[PlyCount "91"]
[EventDate "2018.11.24"]
[EventType "swiss"]
[EventCountry "BAN"]
[SourceTitle "playchess.com"]
[Source "ChessBase"]
[SourceQuality "1"]

{[%evp 30,91,81,34,89,101,112,112,112,117,119,120,125,108,258,216,214,199,211,179,201,215,339,331,389,255,270,255,250,252,304,282,268,283,273,269,270,282,315,250,428,439,414,413,744,410,786,786,778,769,720,576,1215,554,1380,612,628,610,651,652,1362,1065,29980,29979]} 1. d4 e6 2. Nf3 d5 3. c4 Nf6 4. g3 Be7 5. Bg2 O-O 6. O-O dxc4 7. Qc2 a6 8. Qxc4 b5 9. Qc2 Bb7 10. Bd2 Nc6 11. e3 Nb4 12. Bxb4 Bxb4 13. a3 Bd6 {E05: Open Catalan: 5 Nf3 Be7} 14. Nbd2 Qe7 (14... Rc8 15. b4 a5 16. bxa5 c5 17. Qb2 Qxa5 18. dxc5 Bxc5 19. Rfb1 Be7 20. Bf1 Rc3 21. Qxb5 Qxb5 22. Rxb5 Bxf3 23. Nxf3 Rxa3 24. Rxa3 Bxa3 {½-½ (31) Meier,G (2648)-Onischuk,A (2666) Istanbul 2012}) 15. e4 e5 16. Nh4 {LiveBook: 3 Games} Nd7 ({Not} 16... exd4 $2 {[#]} 17. e5 $1 $18 {[%mdl 512]}) ({Black should try} 16... Rfe8 $14) 17. Nf5 $16 Qe6 $146 ({Predecessor:} 17... Qd8 18. dxe5 Nxe5 19. Qc3 f6 20. f4 Nf7 21. Rfd1 {1-0 (43) Rakhinshteyn,F (2214)-Findlay,I (2387) Toronto 2002}) 18. Nb3 {[%cal Bd2b3,Bb3a5,Ba5c6,Bc6d4][%mdl 32]} Rac8 19. d5 Qe8 20. Na5 Ba8 21. Bh3 $36 {[%mdl 2048] White is really pushing.} Rd8 (21... g6 $16 {might work better.}) 22. Rac1 g6 23. Nxd6 cxd6 24. b4 f5 25. Nc6 Rc8 (25... Bxc6 $142 26. dxc6 Nb6 27. exf5 Nc4 28. fxg6 Qxc6 29. Be6+ (29. gxh7+ Kh8 $16) 29... Kh8) 26. exf5 $18 g5 27. Qd2 Nf6 28. Qxg5+ Kh8 29. Bg2 e4 30. Nd4 Bxd5 31. Rxc8 Qxc8 32. Rc1 Qd7 33. Bh3 Qa7 34. Qd2 Rd8 $2 (34... Re8 35. Ne6 Bc4 36. Qxd6 e3) 35. Ne6 Bxe6 36. fxe6 d5 (36... e3 $142 37. fxe3 Ne4 38. Qd4+ Qxd4 39. exd4 Kg7 40. Rc7+ Kg6) 37. Rc6 {[#] aiming for Qf4.} d4 (37... Rf8 $142 38. Bf5 Qg7) 38. Qf4 Nd5 39. Qxe4 Qg7 40. Rc5 Nc3 41. Qd3 (41. Qh4 $142 Re8 42. Bf5) 41... Na4 42. Rc2 (42. Rh5 $142 Re8 43. Bf5) 42... Nb6 43. Re2 Nd5 {intending ...Nf4.} 44. Re4 Nc3 45. Rh4 Na4 46. Bf5 {Accuracy: White = 61%, Black = 26%.} 1-0

[Event "44th BAN-ch OMICON 2018"]
[Site "Dhaka"]
[Date "2018.11.25"]
[Round "1"]
[White "Mohammad Fahad, Rahman"]
[Black "Ahmed, Sk. Nasir"]
[Result "0-1"]
[WhiteElo "2381"]
[BlackElo "2119"]
[Annotator "TA"]
[PlyCount "142"]
[EventDate "2018.11.24"]
[EventType "swiss"]
[EventCountry "BAN"]
[SourceTitle "playchess.com"]
[Source "ChessBase"]
[SourceQuality "1"]

{[%evp 15,142,-8,-8,-8,-8,-7,-9,-9,-5,-10,-6,-24,-23,-22,-27,-45,-11,0,0,-9,0,-16,-15,-18,-20,-16,-5,-12,0,-45,-15,-8,-11,-11,0,0,0,0,24,-5,18,15,19,-16,45,0,35,0,0,-6,3,5,69,74,221,220,209,31,39,1,102,0,0,0,94,49,63,21,21,21,14,0,0,5,0,0,0,0,0,0,0,0,0,0,0,0,0,0,0,0,0,0,0,0,0,0,0,0,0,0,0,0,0,0,6,6,6,0,8,0,0,-29977,-29979,-29980,-29981,-29981,-29981,0,0,-29982,-29984,-29984,-29985,-29985,-29986,-29985,-29986,-29986,-29987]} 1. e4 c5 2. Nf3 d6 3. d4 cxd4 4. Qxd4 Nc6 5. Bb5 Nf6 6. O-O {B53: Sicilian: 2...d6: Lines with Qxd4} Bd7 7. Bxc6 (7. Qd3 g6 8. c4 Bg7 9. Nc3 O-O 10. h3 a6 11. Bxc6 Bxc6 12. Nd4 Nd7 13. Be3 Rc8 {½-½ (40) Andreikin,D (2737)-Vachier Lagrave,M (2775) Tbilisi 2015 CBM 165 [CB]}) 7... Bxc6 8. Nc3 e6 {LiveBook: 5 Games} 9. Rd1 Be7 10. Qd3 O-O 11. Nd4 a6 $146 ({Predecessor:} 11... Rc8 12. Bf4 Qa5 13. a4 Rfd8 14. Qe2 a6 15. g3 Be8 {0-1 (39) Barbosa,A (2136)-Mihai,P (2238) ICCF email 2013}) 12. Bf4 Rc8 13. h3 b5 14. Nxc6 Rxc6 15. a3 Qb6 16. e5 dxe5 17. Bxe5 Qc5 18. Bd4 Qh5 19. Qg3 Qg6 20. Qf3 Rfc8 21. Rd3 h6 22. Qe2 Nh5 23. Be5 Bf6 24. Rad1 Bxe5 25. Qxe5 Rc5 26. Qe3 Rg5 27. Qf3 Rf5 28. Qg4 Rg5 29. Qf3 Rf5 (29... Kh7 $11) 30. Qg4 Rg5 31. Rd8+ Rxd8 32. Rxd8+ Kh7 33. Qe4 Rf5 (33... Qxe4 $11 34. Nxe4 Re5) 34. g4 $36 {[%mdl 2048] And now Qa8 would win. White is really pushing.} Nf4 (34... Qg5 $16 {keeps fighting.}) 35. Kh2 $18 Rf6 {[#]} 36. Qxg6+ $2 ({Only move:} 36. Qa8 $1 $18 {[%csl Ga8][%cal Rd8h8]} Qxc2 37. Rh8+ Kg6 38. Qe4+ Qxe4 39. Nxe4) 36... Nxg6 {[%mdl 4096] Endgame KRN-KRN} 37. Kg3 Rf4 (37... h5 $1 $11) 38. Ne2 ({White should play} 38. Rd6 $16) 38... Rc4 $11 39. c3 Rc6 (39... Re4 $11 {remains equal.} 40. Kf3 Re5) 40. Nd4 Rb6 41. Nb3 Ne5 42. Nc5 Rc6 43. Nd7 (43. b4 {feels hotter.} Nc4 44. Rd7 f5 45. Re7 Kg6 46. Rxe6+ Rxe6 47. Nxe6 Nxa3 48. gxf5+ Kxf5 49. Nxg7+ Ke5 50. Kg4) 43... Nxd7 44. Rxd7 {KR-KR} Kg6 45. f4 f5 46. Kf3 Kf6 47. h4 fxg4+ 48. Kxg4 g6 49. Kf3 e5 50. Rh7 h5 51. Rd7 Re6 52. Ke4 {Strongly threatening Rd6!} exf4+ 53. Kxf4 Rc6 54. Rd8 Rc4+ 55. Rd4 a5 {White must now prevent ...a4.} 56. a4 $1 {[%cal Ra4b5]} Rc5 $1 ({Avoid the trap} 56... Rxa4 $2 57. Rxa4 bxa4 58. c4 $18) 57. axb5 Rxb5 58. Rd6+ Kg7 59. Rd2 a4 60. Ke4 g5 61. hxg5 Kg6 62. Rg2 Rxg5 63. Rxg5+ $4 {[%mdl 8192]} (63. Rh2 $11) 63... Kxg5 {KPP-KPP} 64. Kf3 Kf5 65. Kg3 Ke4 66. Kh4 Kd3 {...Kc4 is the strong threat.} 67. Kxh5 $2 {[%mdl 8192] [#]} (67. Kg5 $11 Kc4 68. Kf4) 67... Kc4 $1 {[%cal Rc4b3] Black mates.} ({Worse is} 67... Kc2 68. c4 $11) 68. Kg6 Kb3 69. Kf6 Kxb2 70. c4 a3 {[%cal Ba4a3,Ba3a2][%mdl 32]} 71. c5 a2 {Precision: White = 54%, Black = 59%.} 0-1

[Event "44th BAN-ch OMICON 2018"]
[Site "Dhaka"]
[Date "2018.11.25"]
[Round "1"]
[White "Chatterjee, Debaraj"]
[Black "Saiful Islam, Chowdhury"]
[Result "1-0"]
[WhiteElo "2277"]
[BlackElo "2110"]
[Annotator "TA"]
[PlyCount "117"]
[EventDate "2018.11.24"]
[EventType "swiss"]
[EventCountry "BAN"]
[SourceTitle "playchess.com"]
[Source "ChessBase"]
[SourceQuality "1"]

{[%evp 18,117,46,29,52,62,50,61,45,52,56,54,58,53,90,91,99,91,89,79,100,99,99,94,100,100,100,102,109,100,109,102,102,58,102,53,63,55,71,26,45,0,0,-8,150,114,206,-35,-36,-28,-28,-32,-24,-29,-51,-86,-16,-19,-13,-9,0,-8,5,-12,-20,-25,-18,-41,0,0,0,0,0,0,1366,1331,1281,1296,29977,29978,6415,1464,2194,1385,1385,1083,1079,1035,1023,956,5627,5322,2496,1861,29977,29978,29988,29980,29984,29972,29968,6087]} 1. d4 Nf6 2. c4 e6 3. g3 d5 4. Nf3 c6 5. Qc2 Nbd7 6. Bg2 Bd6 7. O-O O-O 8. Nbd2 Re8 9. b3 Qe7 10. Bb2 Ba3 {E01: Catalan: Early deviations} 11. Bxa3 Qxa3 12. e4 dxe4 {White is slightly better.} 13. Nxe4 Nxe4 14. Qxe4 a5 15. Qc2 Nf6 $146 ({Predecessor:} 15... h6 16. Rfe1 a4 17. Qc3 Rd8 18. c5 {1-0 (67) Bachmann,A (2649)-Gonzalez Rodriguez,J (2310) Barcelona 2016}) 16. Rab1 Rd8 17. Rfd1 Qb4 18. a4 Qe7 19. Ne5 {[%cal Bf3e5,Be5c4,Bc4d6][%mdl 32]} Bd7 20. c5 Nd5 21. Re1 Be8 22. Nc4 Qc7 23. Rbd1 Bd7 24. Qb2 Ra7 25. Nd6 Ne7 26. Re4 Nc8 27. Nc4 Be8 28. Rh4 b5 29. Ne5 Ne7 30. Qe2 Ng6 $2 (30... h6 $11) 31. Nxg6 hxg6 32. Re4 $2 (32. axb5 $18 cxb5 33. Qg4) 32... bxa4 $15 33. bxa4 Rb7 34. h4 Rb4 35. Bf3 Rxa4 36. h5 {[#] Black must now prevent hxg6.} gxh5 (36... g5 $1 $17) 37. Bxh5 $11 Qe7 38. Bf3 g6 39. Kg2 Qf6 {[%cal Ra4d4]} 40. Qe3 Rb4 41. Rf4 Qg7 42. Rh4 a4 43. Qc3 Rdb8 44. Rdh1 Kf8 {Threatening ...g5.} 45. Qe3 $1 $36 {[%mdl 2048] White has some pressure.} Rd8 $2 {[%mdl 8192]} (45... Kg8 $11) 46. Qg5 $18 ({Weaker is} 46. Rh8+ Ke7 $14) 46... f6 47. Qd2 Qb7 48. Rh8+ Ke7 49. R1h7+ Bf7 {[#]} 50. Rxf7+ $1 {[%mdl 512]} Kxf7 51. Rh7+ Kg8 52. Rxb7 Rxb7 53. Qa5 Rbd7 54. Bxc6 Rxd4 55. Bxa4 R8d5 56. Qa7 {White mates.} Rc4 57. Bb3 Rdxc5 58. Bxc4 Rxc4 59. Qe7 {Accuracy: White = 51%, Black = 44%.} (59. Qd7 $142 Kh8 60. Qxe6 Rc7 61. Qxf6+ Rg7 62. Qxg7+ Kxg7 63. Kf3 Kf7 64. Kg4) 1-0

[Event "44th BAN-ch OMICON 2018"]
[Site "Dhaka"]
[Date "2018.11.25"]
[Round "1"]
[White "Rahman, Taibur"]
[Black "Nayem, Haque"]
[Result "1-0"]
[WhiteElo "2239"]
[BlackElo "2074"]
[Annotator "TA"]
[PlyCount "106"]
[EventDate "2018.11.24"]
[EventType "swiss"]
[EventCountry "BAN"]
[SourceTitle "playchess.com"]
[Source "ChessBase"]
[SourceQuality "1"]

{[%evp 10,106,31,20,73,42,91,35,87,78,81,89,84,75,115,113,138,145,134,126,141,100,114,101,101,108,123,116,138,114,114,119,126,107,108,117,118,104,120,114,147,134,159,129,138,117,134,131,131,119,131,129,145,121,125,97,197,199,206,207,206,179,179,183,303,300,285,278,340,322,289,222,376,361,369,360,361,334,356,303,325,191,473,434,415,417,696,392,791,763,1513,1457,2425,1919,29972,29973,29968,5122,5193]} 1. d4 Nf6 2. c4 e5 3. dxe5 Ng4 4. e3 Nxe5 5. Nc3 d6 6. f4 {LiveBook: 3 Games. A52: Budapest Gambit} Ng6 $146 (6... Ned7 $11) ({Predecessor:} 6... Nec6 7. Nf3 g6 8. b3 Bg7 9. Bb2 O-O 10. Qd2 Nd7 11. Bd3 Nc5 12. O-O Nb4 {½-½ (59) Richter,M (2486)-Miezis,N (2555) Fagernes 2011}) 7. Bd3 Nc6 8. Qh5 (8. Nge2 $16) 8... Qh4+ (8... Nge7 $14) 9. Qxh4 $16 Nxh4 10. Nd5 Kd8 11. g3 Ng6 12. Nf3 Nce7 13. Ng5 $36 {[%mdl 2048] White is really pushing.} Be6 14. e4 h6 15. Nf3 Bg4 16. O-O Nxd5 17. cxd5 Be7 18. Be3 Rf8 19. Bd4 Bxf3 20. Rxf3 Bf6 21. Bxf6+ gxf6 22. Rc1 Ne7 23. Rf2 Rc8 24. Rfc2 c6 25. dxc6 bxc6 26. Rc3 Rb8 27. R1c2 Rb7 28. Ra3 Kd7 29. Ba6 Rb6 30. Bc4 Rb7 31. Kf2 Rfb8 32. Bxf7 c5 (32... Rxb2 $16 {was worth a try.} 33. Rxa7+ Kd8 34. Rxb2 Rxb2+ 35. Kg1 d5) 33. b3 $18 Rc7 34. Bd5 Rb4 35. Rd2 Nxd5 36. Rxd5 {[%mdl 4096] Endgame KRR-KRR} Kc6 (36... Rxe4 {was called for.} 37. Ra6 Rd4 38. Raxd6+ {[%mdl 64] Double Attack} Ke7) 37. Ra6+ Rb6 38. Ra4 Rb4 39. Rxb4 cxb4 {KR-KR} 40. Rd2 Rb7 $2 {[#]} (40... Kd7 41. e5 fxe5) 41. Kf3 Rb5 42. Kg4 h5+ 43. Kh4 f5 44. exf5 ({Not} 44. Kxh5 fxe4+ 45. Kg6 Rb8 $18) 44... Rxf5 45. Rd4 (45. g4 $142 hxg4 46. Kxg4) 45... a5 $2 {[#]} (45... d5 46. Rxb4 Kc5) 46. h3 d5 47. g4 Rf8 (47... hxg4 $142 48. hxg4 Rf8) 48. f5 Kc5 $2 (48... hxg4 49. hxg4 Kd6) 49. Rd1 d4 50. Kxh5 Rh8+ 51. Kg6 Rxh3 52. f6 Rf3 53. f7 (53. g5 $142 Kd5 54. Kg7 a4 55. f7 d3 56. f8=Q Rxf8 57. Kxf8 Kd4 58. g6) 53... Kd5 {Accuracy: White = 66%, Black = 33%.} 1-0

[Event "44th BAN-ch OMICON 2018"]
[Site "Dhaka"]
[Date "2018.11.25"]
[Round "1"]
[White "Rahman, Syed Mahfuzur"]
[Black "Md, Sariatullah"]
[Result "1-0"]
[WhiteElo "2224"]
[BlackElo "2027"]
[Annotator "TA"]
[PlyCount "65"]
[EventDate "2018.11.24"]
[EventType "swiss"]
[EventCountry "BAN"]
[SourceTitle "playchess.com"]
[Source "ChessBase"]
[SourceQuality "1"]

{[%evp 13,65,-8,32,27,29,22,31,22,28,14,26,24,68,68,76,78,102,100,206,208,371,362,363,363,368,365,484,476,531,531,531,501,494,481,502,485,543,507,594,602,596,593,714,709,836,833,1077,980,1025,1026,995,976,1076,1058]} 1. d4 Nf6 2. c4 e6 3. Nf3 b6 4. g3 Bb7 5. Bg2 Bb4+ 6. Nc3 O-O 7. O-O d5 8. Ne5 {E21: Nimzo-Indian: 4 Nf3} h6 9. Bf4 Bxc3 10. bxc3 {[%cal Bb2c3,Bc3c4][%mdl 32] White is slightly better.} Nbd7 $146 ({Predecessor:} 10... Nc6 11. Re1 Nxe5 12. Bxe5 Ne4 13. Qc2 Nd6 14. cxd5 exd5 15. Rad1 Qd7 16. Bxd6 Qxd6 {1-0 (40) Brynell,S (2623)-Svenn,G (2406) Sweden 2005}) 11. Qc2 Qc8 12. cxd5 exd5 13. c4 c5 14. Bh3 cxd4 15. Qa4 {[%cal Re5d7]} Rd8 {[#]} (15... Qc5 $16) 16. Rfc1 $1 $18 {[%cal Bf1c1,Bc1c4,Bc4c7,Bc7d7,Bd7a7][%mdl 32] Black must now prevent cxd5.} Qc5 $2 (16... dxc4 {keeps fighting.} 17. Rxc4 {[%mdl 64] Double Attack} b5 18. Rxc8 (18. Qxb5 Ba6 $16) 18... bxa4 19. Rxd8+ Rxd8) 17. Nxd7 ({Weaker is} 17. Bxd7 Nxd7 18. Nxd7 Qe7 $18) 17... Nxd7 18. Bxd7 dxc4 19. Rxc4 {[%mdl 64] Double Attack} Qh5 20. Rc7 {White is clearly winning.} Be4 21. f3 Bf5 22. Qxd4 Bxd7 23. Rxd7 Re8 24. Qd3 Rac8 25. Rd1 Qa5 26. Qb3 Qf5 27. e4 Qh5 28. Rxa7 g5 29. Be3 Rc6 30. g4 Qg6 31. Rdd7 {[%cal Rd7f7]} Rf8 32. Kg2 h5 33. Rd5 {Accuracy: White = 86%, Black = 35%.} 1-0

[Event "44th BAN-ch OMICON 2018"]
[Site "Dhaka"]
[Date "2018.11.25"]
[Round "1"]
[White "Md. Sharif Hossain"]
[Black "Md. Jamal Uddin"]
[Result "0-1"]
[WhiteElo "2198"]
[BlackElo "1950"]
[Annotator "TA"]
[PlyCount "119"]
[EventDate "2018.11.24"]
[EventType "swiss"]
[EventCountry "BAN"]
[SourceTitle "playchess.com"]
[Source "ChessBase"]
[SourceQuality "1"]

{[%evp 15,119,14,29,7,6,-29,-2,-64,-61,-104,-104,-107,-82,-85,-80,-105,-105,-109,-106,-103,-89,-94,-95,-104,-109,-108,-99,-120,-68,-120,-120,-133,-89,-75,-83,-91,-62,-79,-70,-142,-55,-63,-58,-66,-44,-51,-48,-80,-53,-118,-12,-12,0,0,0,1,423,0,105,0,538,523,506,2,2,2,2,-6,-6,-130,-130,-136,-126,-196,-114,-378,-378,-382,-360,-371,-365,-409,-415,-469,-464,-790,-780,-772,-750,-723,-714,-1304,-2054,-2004,-2230,-1976,-1706,-1941,-1477,-2915,-2387,-1952,-842,-29988,-29989,-29993]} 1. e4 c5 2. Nf3 Nc6 3. d4 cxd4 4. Nxd4 Qc7 5. Be2 e6 6. Nc3 Nf6 7. O-O a6 8. Nxc6 bxc6 9. Be3 {B47: Sicilian: Taimanov: 5 Nc3 Qc7 6 f4, 6 g3 and 6 Be2} d5 10. Bf3 Be7 11. Na4 $146 ({White should try} 11. exd5 $11 cxd5 12. g3) ({Predecessor:} 11. Re1 O-O 12. exd5 cxd5 13. Bd4 Bb7 14. Qd2 Rfe8 15. h4 {0-1 (26) Weiss,L (2160)-Schachinger,M (2414) Bad Gleichenberg 2014}) 11... dxe4 $15 12. Be2 c5 13. c4 Bd7 14. Qc2 O-O 15. Nc3 Bc6 16. Rad1 Rad8 17. g3 Bb7 18. Rxd8 Rxd8 19. Rd1 Rxd1+ 20. Bxd1 Bd6 21. Be2 Be5 (21... Qc6 $17 22. Qa4 Qxa4 23. Nxa4 Nd7) 22. Qd2 (22. a3 $15) 22... Nd7 $17 23. Na4 f5 24. b4 cxb4 25. Qxb4 Bf6 26. Nc5 Nxc5 27. Qxc5 (27. Bxc5 $15 h6 28. Bb6) 27... Be5 (27... Qxc5 $17 28. Bxc5 Kf7) 28. Qb4 Kf7 29. Bb6 Qc6 30. Be3 Bf6 31. Bd1 Be7 32. Qa4 (32. Qc3 $15) 32... e5 (32... Qxa4 $17 33. Bxa4 e5) 33. Qa5 $1 $11 Bd6 34. Ba4 Qc8 $1 35. c5 Qc7 $2 {[%mdl 8192]} (35... Bc7 $1 $11 36. Bb3+ Kg6) 36. Qd2 $2 (36. Qb4 $18 Bf8 37. Qc4+ Kf6 38. Qg8) 36... Be7 (36... Bxc5 $11 37. Bxc5 Qxc5 38. Qd7+ {[%mdl 64] Double Attack} Qe7 39. Qxf5+ {[%mdl 64] Double Attack} Kg8) 37. Qd7 (37. Qe2 $16 {Strongly threatening Qc4+.} Bd5 38. c6) 37... Qc8 $2 {[%mdl 8192]} (37... Qxd7 $11 {and Black is okay.} 38. Bxd7 f4 $1 {[%mdl 512]}) 38. Bb3+ $18 Kf8 39. Be6 $2 ({White must play} 39. Qa4 $18 {Qc4 is the strong threat.} Qa8 40. Qc4) 39... Qxd7 40. Bxd7 $11 {[%mdl 4096] Endgame [#] Threatens to win with c6. KBB-KBB} f4 $1 $132 {[%mdl 2560] Black has counterplay} 41. gxf4 exf4 42. Bd4 (42. c6 $1 $11 {keeps the balance.} Bxc6 43. Bxc6 fxe3 44. fxe3) 42... Bd5 $17 43. c6 {Black must now prevent c7.} Bd6 44. a4 (44. Bc5 $17 Bxc5 45. c7) 44... g6 (44... Bc7 $19 45. a5 Bxa5) 45. Bf6 $2 {[%mdl 8192] [#]} (45. Bc5 $17 {keeps fighting.} Bxc5 46. c7) 45... Bc7 $1 $19 46. Kf1 h6 47. Bd4 a5 48. Ke2 Kf7 49. Kd2 Be6 50. Kc3 (50. Ke2 $142 Bb3 51. Kd2) 50... Bxd7 51. cxd7 {KB-KB} Ke6 52. Bg7 h5 53. Kd4 e3 $1 {[%cal Re3f2]} 54. fxe3 f3 55. Kd3 Kxd7 56. e4 g5 {[%cal Bg6g5,Bg5g4,Bg4h3][%mdl 32]} 57. Bc3 g4 58. e5 Ke6 (58... Bb6 $142 59. Bd2 h4) 59. h3 gxh3 60. Kd4 {Accuracy: White = 27%, Black = 54%.} 0-1

[Event "44th BAN-ch OMICON 2018"]
[Site "Dhaka"]
[Date "2018.11.25"]
[Round "1"]
[White "S M Sharon"]
[Black "Reefat, Bin-Sattar"]
[Result "1-0"]
[WhiteElo "2123"]
[BlackElo "2437"]
[Annotator "TA"]
[PlyCount "65"]
[EventDate "2018.11.24"]
[EventType "swiss"]
[EventCountry "BAN"]
[SourceTitle "playchess.com"]
[Source "ChessBase"]
[SourceQuality "1"]

{[%evp 9,65,0,0,-2,0,-15,-4,-10,3,-2,29,-6,6,-8,0,1,45,38,64,47,127,122,173,114,179,167,184,175,221,218,233,237,260,248,256,191,191,191,184,197,214,206,197,190,237,250,314,312,304,301,295,300,386,359,385,383,375,375]} 1. a3 e6 (1... e5 2. c3 d5 3. d4 Nd7 4. dxe5 Nxe5 5. Nf3 Nxf3+ 6. exf3 c6 7. Bd3 Bd6 8. O-O Qc7 9. g3 Ne7 {½-½ (41) Zherebukh,Y (2633)-Sevian,S (2613) Saint Louis 2018}) 2. g3 c5 3. Bg2 Nc6 4. d3 $146 ({Predecessor:} 4. c3 Qb6 5. b4 Nf6 6. Nf3 d5 7. bxc5 Bxc5 8. d4 Bd6 9. O-O O-O {½-½ (35) Zvarik,M (2222)-Mrvova,A (2229) Slovakia 2013}) 4... g6 5. c4 Bg7 6. Nc3 {A00: Irregular Openings} Nge7 7. Bg5 d6 8. Rb1 {The position is equal.} h6 9. Bd2 d5 10. b4 cxb4 11. axb4 {[%cal Ba3b4,Bb4b5][%mdl 32]} dxc4 12. dxc4 a5 13. b5 Ne5 14. Qa4 g5 (14... Nd7 $14) 15. Nf3 $16 N7g6 (15... Nd7 $16 {was necessary.}) 16. c5 (16. Nxe5 $18 Nxe5 17. c5) 16... O-O (16... Nxf3+ $16 17. Bxf3 O-O) 17. Nxe5 $18 Nxe5 18. Ne4 {[%cal Bc3e4,Be4d6,Bd6c4,Bc4a3][%mdl 32]} Nd7 {next ...f5 is good for Black.} 19. Qa3 Qe7 20. h4 f5 21. Nd6 Rd8 22. c6 ({Don't play} 22. Bxa5 $6 Rxa5 23. Qxa5 Nxc5 $18) (22. Nxb7 $6 Bxb7 23. Bxb7 Ra7 $16) 22... Nb6 {[#]} 23. Nc4 $1 {[%mdl 576] Discovered Attack} Qxa3 (23... Nxc4 24. Qxe7) 24. Nxa3 Bf8 25. cxb7 Bxb7 26. Bxb7 Ra7 27. Bc6 {Black must now prevent Be3.} ({Worse is} 27. hxg5 Rxb7 28. Nc2 Nc4 $11) 27... Rxd2 28. Kxd2 Bxa3 29. hxg5 hxg5 30. Rh6 Bf8 31. Rxe6 {White is winning.} Kf7 32. Re8 a4 33. Rb8 {Accuracy: White = 86%, Black = 42%.} 1-0

[Event "44th BAN-ch OMICON 2018"]
[Site "Dhaka"]
[Date "2018.11.25"]
[Round "1"]
[White "Hossain, Showkat Pollab"]
[Black "Mohammad Minhaz Uddin"]
[Result "1/2-1/2"]
[WhiteElo "2119"]
[BlackElo "2290"]
[Annotator "TA"]
[PlyCount "55"]
[EventDate "2018.11.24"]
[EventType "swiss"]
[EventCountry "BAN"]
[SourceTitle "playchess.com"]
[Source "ChessBase"]
[SourceQuality "1"]

{[%evp 13,55,0,0,-11,-1,-18,0,-18,0,0,0,0,0,0,0,0,0,-9,0,0,-6,-13,0,-25,-5,-22,-13,-35,-24,-195,-192,-192,-197,-198,-151,-152,-158,-155,-129,-110,-104,-156,-204,-208]} 1. Nf3 d5 2. g3 g6 3. Bg2 Bg7 4. O-O e5 5. d3 Ne7 6. e4 O-O 7. exd5 Nxd5 8. d4 $146 {A07: Réti Opening: New York and Capablanca Systems} ({Predecessor:} 8. Re1 Nc6 9. Nc3 Nde7 10. Rb1 a5 11. a3 a4 12. Re4 Nd5 13. Bd2 Bf5 14. Re1 Nb6 15. Qc1 Re8 16. Bh6 f6 17. Ne4 {½-½ (63) Nepomniachtchi,I (2729)-Caruana,F (2799) London 2017}) 8... exd4 9. Nxd4 c6 10. Na3 {[%cal Bb1a3,Ba3c4,Bc4e3,Be3g4,Bg4e5][%mdl 32] The position is equal.} Na6 {[%cal Bb8a6,Ba6c5,Bc5e6][%mdl 32]} 11. c3 Nc5 12. Nc4 Ne6 13. Nf3 Qc7 14. Ne3 Nb6 15. Ng4 Rd8 16. Qe2 h5 17. Nge5 Re8 18. Nd3 Bd7 19. Qc2 Rad8 20. Ng5 c5 $36 {[%cal Bc6c5,Bc5c4][%mdl 2080] Black is more active.} 21. Ne4 $2 {[#]} (21. Nxe6 $1 $11 Bxe6 22. Nf4) 21... Bb5 $1 $19 {[%cal Rb5d3]} 22. Nf4 Bxf1 23. Bxf1 c4 24. Nxe6 Rxe6 ({Don't blunder} 24... fxe6 $2 25. Ng5 $16) 25. Bh3 Rxe4 26. Qxe4 Rd1+ 27. Bf1 (27. Kg2 $142 Qe5 28. Qxe5 Bxe5 29. f4) 27... Qd7 $17 {[#] White must now prevent ...Qd3.} 28. Kg2 {Accuracy: White = 53%, Black = 63%.} 1/2-1/2